000 00371nam a2200133 i 4500
001 bg
100 1 _aHORABIK, Józef
245 0 _aOpis początkowej fazy grawitacyjnego wypływu roślinnego ośrodka ziarnistego ze zbiornika /
_cJ. Horabik.
260 _aWrocław,
_c1985.
040 _cBPK
041 _apol
942 _cKS
008 s pl f |000 0 pol
999 _c28456
_d28456
856 _uhttp://koha.tu.koszalin.pl/cgi-bin/koha/opac-detail.pl?biblionumber=28456
_yKatalog online BPK